LEADER 01493nam a2200325 a 4500 001 000000127011 003 CaOOAMICUS 005 20111115090006.0 008 111115t2011 it u000 u ita r 020 $a978-88-311-3376-0 040 $aPUL$bita 082 04$a262 245 03$aIl compiersi del corpo ecclesiale :$b"Mi hai preparato un corpo" (Eb. 10, 5) /$cRosario La Delfa (ed.) ; contributi di Giuseppe Bellia ... [et al]. 260 $aRoma :$bCittà Nuova,$c2011$aPalermo :$bFacoltà Teologica di Sicilia,$c2011. 300 $a337 p. ;$c21 cm 490 1 $aCollana di teologia ;$v69 504 $aBibliografia in nota. 650 14$aEcclesiologia.$0(OLS)http://pul/subject/22628 700 1 $aLa Delfa, Rosario.$0(OLS)http://pul/name/70425 700 1 $aBellia, Giuseppe.$0(OLS)http://pul/name/34838 830 0$aCollana di teologia ;$v69.$0(OLS)http://pul/title/18581 850 $aPUL 852 $aPUL$W1$xSL Religione 3$y85$m262 LADRO 1$j146863$qDDC 21$B145557$CPULBib$Z2$F145557 $H118228 $82 941 1 $a9 996 $6020$a978-88-311-3376-0$9(OLS)http://pul/number/148477 996 $6082$a262$9(OLS)http://pul/classification/438 996 $6245$aIl compiersi del corpo ecclesiale :$b"Mi hai preparato un corpo" (Eb. 10, 5)$9(OLS)http://pul/title/160455 996 $6260$aRoma :$bCittà Nuova$9(OLS)http://pul/publisher/47927 996 $6260$aPalermo :$bFacoltà Teologica di Sicilia$9(OLS)http://pul/publisher/55077 LEADER 00709naa a2200205 u 4500 001 000000103342 003 CaOOAMICUS 005 20070226130215.0 008 061107s1967 it u000 u ita u 035 $a11105635 040 $aIAR$bita 100 1 $aTopitsch, Ernst,$d1919-2003.$0(OLS)http://pul/name/63864 245 13$aLa mia prospettiva filosofica /$cErnst Topitsch. 260 $a[Bologna] :$bIl Mulino,$c[1967] 300 $ap. 419-440 ;$c22 cm 500 $aIAR: CF.327 773 0 $aFilosofi tedeschi d'oggi. 773 0 $tFilosofi tedeschi d'oggi$g63$w()10915 996 $6245$aLa mia prospettiva filosofica$9(OLS)http://pul/title/72681 996 $6260$a[Bologna] :$bIl Mulino$9(OLS)http://pul/publisher/51012